Konverguje aj tieňová ekonomika?

Tieňová ekonomika a možnosti hodnotenia beta konvergencie, ktorá sa ukázala rýchlejšia ako v oficiálnej ekonomike. Aktivity, ktoré patria do skrytého faktoru nie sú zahrnuté v DPH, napriek tomu vytvárajú pridanú hodnotu. Taxonómia ekonomických aktivít tieňovej ekonomiky.

Na minha lista:
Detalhes bibliográficos
Autor principal: Stehlíková, Beáta
Outros Autores: Tirpáková, Anna
Formato: Capítulo de Livro
Idioma:eslovaco
Assuntos:
Tags: Adicionar Tag
Sem tags, seja o primeiro a adicionar uma tag!

MARC

LEADER 00000naa$a2200000$$$4500
001 0127834
005 20221128083626.6
041 0 |a slo 
044 |a SK 
245 1 0 |a Konverguje aj tieňová ekonomika?  |c Beáta Stehlíková, Anna Tirpáková 
520 |a Tieňová ekonomika a možnosti hodnotenia beta konvergencie, ktorá sa ukázala rýchlejšia ako v oficiálnej ekonomike. Aktivity, ktoré patria do skrytého faktoru nie sú zahrnuté v DPH, napriek tomu vytvárajú pridanú hodnotu. Taxonómia ekonomických aktivít tieňovej ekonomiky. 
610 2 0 |a Európa 
610 2 0 |a ekonomika tieňová 
610 2 0 |a obchod nezákonný 
610 2 0 |a neprístojnosti obchodné 
610 2 0 |a špekulácie 
610 2 0 |a obchod čierny 
610 2 0 |a skupiny záujmové 
610 2 0 |a konvergencia 
100 1 |a Stehlíková, Beáta 
700 1 |a Tirpáková, Anna